00343nam a2200145Ia 4500008004100000020001500041082001500056100001500071245002200086250000800108260002800116300001300144500002400157650001600181230524s9999 xx 000 0 und d a8174091467 a512.5bGRE aB.S.Grewal 0aNumerical Methods a6TH aNEW DELHIbKhannac2003 aVIII;685 aQuantity Number: 3 aMathematics